000 00347nam a22001337a 4500
005 20230721094146.0
008 230721b ||||| |||| 00| 0 eng d
040 _cAL
041 _aeng
100 _aTandon Kum Kum
_9127997
245 _aCareer options in science and technology
260 _aNew Delhi
_bCareer Options
_c2002
942 _2ddc
_cBK
999 _c228034
_d228034